| 000 | 00845nam a22002895 4500 | ||
|---|---|---|---|
| 001 | 143697 | ||
| 003 | ES-MaBCM | ||
| 005 | 20241016183630.0 | ||
| 008 | 061201s2006 esp spa d | ||
| 017 | _aNA.2588-2006 | ||
| 020 | _a84-8355-020-2 | ||
| 021 | _axx | ||
| 035 | _a(OCoLC)1010717834 | ||
| 040 | _cES-MaBCM | ||
| 080 | _a69(460):621.472 | ||
| 100 | 1 |
_aOrtiz García, Mercedes _934640 |
|
| 245 | 0 | 0 |
_aLa edificación solar _cMercedes Ortiz García |
| 250 | _a1ª ed | ||
| 260 |
_aCizur Menor (Navarra) : _bThomson/Aranzadi, _c2006 |
||
| 300 |
_a199 p. ; _c23 cm |
||
| 490 | 0 |
_aRevista Aranzadi de derecho ambiental. Monografía ; _9110229 _v9 |
|
| 504 | _aBibliografía: p. 191-199 | ||
| 650 | 2 | 7 |
_aIndustria de la construcción _958079 |
| 650 | 7 |
_aEnergía solar _958550 |
|
| 651 | 2 | 4 |
_aEspaña _9115342 |
| 942 | _cBK | ||
| 999 |
_c143697 _d143697 |
||